01074nam a2200169 i 45000010005000000030009000050050017000140080041000312450516000722600040005883000022006284900034006506500081006846500081007658300034008468520024008803673ES-MaACL20250902073145.0200220s1967 sp |||| | spa d00aSiderometalurgia b: Reglamentación nacional de trabajo en la industria siderometalúrgica... en la industria metalgráfica y de construcción de envases métalicos.- Normas de óptica y mecánica de precisión..., de tendido de líneas de conducción de energía eléctrica y electrificación de ferrocarriles y trolebuses.- Modificaciones y aclaraciones al día.- Convenios colectivos sindicales.- Decretos 2419 y 2946/66 y normas para su aplicación.- Estatutos de las Mutualidades Laborales. aMadrid : bGarcía Enciso, c1967. a366 p. ; c15 cm.1 aColección "García Enciso" 4aTrabajadores de la industria siderúrgica-xEstatuto jurídico-zEspaña. 4aTrabajadores de la industria metalúrgica-xEstatuto jurídico-zEspaña.00aColección "García Enciso" aES-MaACLjP-1332-19